Science Quiz

Random Science or Country Quiz

US States by Chemical Symbols on a Map Quiz Stats

 Plays Quiz Updated Oct 25, 2017

Score 0/17 Timer 03:00
20 Plays Today
% Correct
California- CA
89.4%
Florida- FL
89.3%
Georgia- GA
84.7%
Louisiana- LA
80.5%
Indiana- IN
80.5%
South Carolina- SC
78%
Colorado- CO
77.2%
Pennsylvania- PA
72.7%
Alabama- AL
70.1%
% Correct
Arkansas- AR
66%
Nebraska- NE
63.5%
New Hampshire- NH
52.8%
Missouri- MO
52.4%
Minnesota- MN
43.3%
North Dakota- ND
41.5%
Maryland- MD
31%
Montana- MT
27.6%

You're not logged in!

Compare scores with friends on all Sporcle quizzes.
OR
Log In

You Might Also Like...

Show Comments

Extras

Top Quizzes Today


Score Distribution

Your Account Isn't Verified!

In order to create a playlist on Sporcle, you need to verify the email address you used during registration. Go to your Sporcle Settings to finish the process.

Report this User

Report this user for behavior that violates our Community Guidelines.

Details: